00664nam a2200241 a 4500001001300000003000900013005001700022008004100039020000800080082001500088100002400103245002300127260004200150300000900192500003500201505001000236650001100246700002400257902000800281942000700289952011100296999001500407nice12345678IN_TiNIC20260116011916.0050524s1974 alia grp 000 0 urd  ac900a297.4bMAI aMaikash, Akberabadi aMasaail-E-Tasawwuf aAligarhbAnjuman Taraqqi-E-Urduc1974 a186p aincludes index and biblioraphy2 aIndex aSufism1 aMaikash, Akberabadi bSRS cBK 001040708StackRoom-aHMIbHMId2007-09-18g9.00l0o297.4 MAIp08801r2007-09-18v9.00w2005-05-24yBK c4872d4872